Verše z díla Jaroslava Seiferta recituje Jaroslav Seifert a Dana Medřická /
Původní EP album SP 20016 "Verše z díla Jaroslava Seiferta recituje Jaroslav Seifert a Dana Medřická" vydal Supraphon v rámci Klubu přátel poezie v roce 1960. Básně Hora Říp a Básník a jiná řemesla recituje sám autor, další - Píseň rodné zemi, Jaro 1963, Květnové noci a Rozhovor nezapomenu...
Uloženo v:
| Hlavní autor: | |
|---|---|
| Další autoři: | |
| Médium: | E-audiokniha |
| Vydáno: |
Praha :
Supraphon a.s.,
2025
|
| Tagy: |
Žádné tagy |
| LEADER | 01712nim a22003137i 4500 | ||
|---|---|---|---|
| 001 | 302597 | ||
| 007 | sr nunnnnnnned | ||
| 024 | |a 859692534152 | ||
| 044 | |a xr | ||
| 100 | 1 | |a Seifert, Jaroslav |4 aut | |
| 245 | 1 | 0 | |a Verše z díla Jaroslava Seiferta recituje Jaroslav Seifert a Dana Medřická / |c Seifert, Jaroslav |
| 264 | 1 | |a Praha : |b Supraphon a.s., |c 2025 | |
| 300 | |a 1 online zdroj (11 min., 24 sek.) | ||
| 336 | |a mluvené slovo |b spw |2 rdacontent | ||
| 337 | |a audio |b s |2 rdamedia | ||
| 338 | |a online zdroj |b cr |2 rdacarrier | ||
| 505 | 0 | 0 | |t Hora Říp (1 min., 7 sek.) |
| 505 | 0 | 0 | |t Básník a jiná řemesla (3 min., 59 sek.) |
| 505 | 0 | 0 | |t Píseň rodné zemi (1 min., 16 sek.) |
| 505 | 0 | 0 | |t Jaro 1963 (1 min., 42 sek.) |
| 505 | 0 | 0 | |t Květnové noci (2 min., 37 sek.) |
| 505 | 0 | 0 | |t Rozhovor (0 min., 46 sek.) |
| 520 | 2 | |a Původní EP album SP 20016 "Verše z díla Jaroslava Seiferta recituje Jaroslav Seifert a Dana Medřická" vydal Supraphon v rámci Klubu přátel poezie v roce 1960. Básně Hora Říp a Básník a jiná řemesla recituje sám autor, další - Píseň rodné zemi, Jaro 1963, Květnové noci a Rozhovor nezapomenutelná Dana Medřická. JAROSLAV SEIFERT (*23. září 1901 – †10. ledna 1986) DANA MEDŘICKÁ (*11. července 1920 – †21. ledna 1983) | |
| 700 | 1 | |a Medřická, Dana |4 nrt | |
| 700 | 1 | |a Seifert, Jaroslav |4 nrt | |
| 910 | |a RBIT002 | ||
| 998 | |d 426736 |a https://core.palmknihy.cz/api/books/426736/cover?telfsm |b https://core.palmknihy.cz/api/books/426736/cover/400?telfsm |c https://core.palmknihy.cz/api/books/426736/cover/50?telfsm |e 2099-01-01 |i 859692534152 |l 684 |q 49 |r 1 |s https://www.palmknihy.cz/kniha/426736 |t audiobook |y 2025 |z 1 | ||
| 999 | |d 302595 | ||